| 000 | 01257nam a2200313 a 4500 | ||
|---|---|---|---|
| 003 | DO-SdBNP | ||
| 005 | 20240221111239.0 | ||
| 008 | 090716s2009 dr a 000 0 spa d | ||
| 020 | _a9789945020663 (v.1) | ||
| 020 | _a9789945020670 (v.2) | ||
| 020 | _a9789945020694 (v.3) | ||
| 040 |
_aDO-SdBNP _bspa _cBPMSU |
||
| 082 |
_aRD868.3 _bB598m 2009 _222 |
||
| 100 | 1 |
_aBillini, Francisco Gregorio, _d1844-1898 |
|
| 245 | 1 | 0 |
_aMás que un eco de la opinión / _cFrancisco Gregorio Billini ; editor Andrés Blanco Díaz. |
| 260 |
_aSanto Domingo : _bArchivo General de la Nación, _c2009. |
||
| 300 |
_a4 v. : _bil. ; _c23 cm. |
||
| 490 | 1 |
_aArchivo General de la Nación _v77-80 |
|
| 500 | _aIncluye índice onomástico | ||
| 505 | 0 | _av. 1 Misceláneos, 1874-1898 -- v. 2. Escritos, 1879-1885 -- v. 3. Escritos, 1886-1889 -- v. 4. Escritos, 1890-1897. | |
| 590 | _aInventariado, 2021/VM | ||
| 600 | 1 | 4 |
_aBillini, Francisco Gregorio _d1844-1898 _xColecciones de escritos |
| 650 | 4 |
_aEnsayos dominicanos _ySiglo XIX. |
|
| 651 | 4 |
_aRepública Dominicana _xHistoria _y1844-1930 _x |
|
| 700 | 1 | 2 |
_aBlanco Díaz, Andrés _eed. |
| 710 | 2 | _aArchivo General de la Nación (República Dominicana) | |
| 910 | _aVMateo V. Control de calidad. BPMSU | ||
| 942 |
_2ddc _cBK |
||
| 999 |
_c13825 _d13825 |
||